Understanding human well-being/ (Record no. 332811)
[ view plain ]
| 000 -LEADER | |
|---|---|
| fixed length control field | 01081nam a2200337 a 4500 |
| 001 - CONTROL NUMBER | |
| control field | vtls000372619 |
| 003 - CONTROL NUMBER IDENTIFIER | |
| control field | NLI |
| 005 - DATE AND TIME OF LATEST TRANSACTION | |
| control field | 20210602180344.0 |
| 008 - FIXED-LENGTH DATA ELEMENTS--GENERAL INFORMATION | |
| fixed length control field | 110113s2006 ja db 001 0 eng d |
| 020 ## - INTERNATIONAL STANDARD BOOK NUMBER | |
| International Standard Book Number | 8189640410 |
| Terms of availability | Rs.895.00 |
| 039 #9 - LEVEL OF BIBLIOGRAPHIC CONTROL AND CODING DETAIL [OBSOLETE] | |
| -- | 201101132246 |
| -- | VLOAD |
| 040 ## - CATALOGING SOURCE | |
| Original cataloging agency | NLI : |
| Language of cataloging | eng |
| Transcribing agency | NLMARC21 |
| 041 0# - LANGUAGE CODE | |
| Language code of text/sound track or separate title | eng |
| 044 ## - COUNTRY OF PUBLISHING/PRODUCING ENTITY CODE | |
| MARC country code | ii |
| 082 04 - DEWEY DECIMAL CLASSIFICATION NUMBER | |
| Classification number | 306.09054 |
| Edition number | 22 |
| 245 00 - TITLE STATEMENT | |
| Title | Understanding human well-being/ |
| Statement of responsibility, etc. | edited by Mark McGillivray and Matthew Clarke |
| 260 ## - PUBLICATION, DISTRIBUTION, ETC. | |
| Place of publication, distribution, etc. | Toky : |
| Name of publisher, distributor, etc. | United Nations University Press; |
| Place of publication, distribution, etc. | New Delhi : |
| Name of publisher, distributor, etc. | Bookwell, |
| Date of publication, distribution, etc. | 2006 |
| 300 ## - PHYSICAL DESCRIPTION | |
| Extent | xxiv, 386 p. : |
| Other physical details | maps; |
| Dimensions | 25 cm. |
| 504 ## - BIBLIOGRAPHY, ETC. NOTE | |
| Bibliography, etc. note | Includes bibliographical references and index |
| 650 #0 - SUBJECT ADDED ENTRY--TOPICAL TERM | |
| Topical term or geographic name entry element | Quality of life |
| 9 (RLIN) | 128399 |
| 650 #0 - SUBJECT ADDED ENTRY--TOPICAL TERM | |
| Topical term or geographic name entry element | Social indicators |
| 9 (RLIN) | 197099 |
| 700 1# - ADDED ENTRY--PERSONAL NAME | |
| Personal name | McGillivray, Mark |
| Relationship | edt |
| 9 (RLIN) | 325944 |
| 700 1# - ADDED ENTRY--PERSONAL NAME | |
| Personal name | Clarke, Matthew |
| Relationship | edt |
| 9 (RLIN) | 385242 |
| 887 ## - NON-MARC INFORMATION FIELD | |
| Content of non-MARC field | syamal Kanti Biswas |
| 901 ## - LOCAL DATA ELEMENT A, LDA (RLIN) | |
| a | DB106723 |
| b | 08.08.2008 |
| 902 ## - LOCAL DATA ELEMENT B, LDB (RLIN) | |
| a | E/O 306.09045 Un 2 |
| 904 ## - LOCAL DATA ELEMENT D, LDD (RLIN) | |
| a | syamal Kanti Biswas |
| 942 ## - ADDED ENTRY ELEMENTS (KOHA) | |
| Source of classification or shelving scheme | Dewey Decimal Classification |
| Koha item type | Books |
| 949 ## - LOCAL PROCESSING INFORMATION (OCLC) | |
| -- | VIRTUAITEM |
| -- | 10000 |
| -- | 100 |
| 6 | DBA000106723ENG |
| Withdrawn status | Lost status | Damaged status | Not for loan | Collection code | Home library | Current library | Shelving location | Date acquired | Total Checkouts | Full call number | Barcode | Date last seen | Price effective from | Koha item type |
|---|---|---|---|---|---|---|---|---|---|---|---|---|---|---|
| New English Oversized | National Library of India | National Library of India | New English Oversized - Main Stack Division | E/O 306.09045 Un 2 | DBA000106723ENG | 02/06/2021 | 02/06/2021 | Books |
